Central Library OPAC University of Rajshahi

পূর্ব বাংলার লোক সংগীত / (Record no. 47856)

MARC details
000 -LEADER
fixed length control field 00819nam a2200229 a 4500
001 - CONTROL NUMBER
control field 47856
003 - CONTROL NUMBER IDENTIFIER
rucl marc code BD-RjUL
005 - DATE AND TIME OF LATEST TRANSACTION
control field 20211209054416.0
008 - FIXED-LENGTH DATA ELEMENTS--GENERAL INFORMATION
fixed length control field 160810s1997 ii ||||| |||| 00| 0 ben d
020 ## - INTERNATIONAL STANDARD BOOK NUMBER
International Standard Book Number 8186036326
Terms of availability : Tk. 100.00
035 ## - SYSTEM CONTROL NUMBER
System control number (BD-RjUL)47975
040 ## - CATALOGING SOURCE
Original cataloging agency BD-RjUL
Language of cataloging ben
Transcribing agency BD-RjUL
041 ## - LANGUAGE CODE
Language code of text/sound track or separate title ben
082 ## - DEWEY DECIMAL CLASSIFICATION NUMBER
Edition number 23
Classification number 781.62
Author mark and year PUR 1997
245 00 - TITLE STATEMENT
Title পূর্ব বাংলার লোক সংগীত /
260 ## - PUBLICATION, DISTRIBUTION, ETC. (IMPRINT)
Place of publication, distribution, etc. কলিকাতা
Name of publisher, distributor, etc. অপর্ণা বুক ডিস্ট্রিবিউটার্স,
Date of publication, distribution, etc. ১৯৯৭
300 ## - PHYSICAL DESCRIPTION
Pagination ১৫২ পৃ. ;
Size ২৩ সেমি.
650 ## - SUBJECT ADDED ENTRY--TOPICAL TERM
Topical term or geographic name as entry element লোক সংগীত
9 (RLIN) 145265
Topical term or geographic name as entry element Folk music
9 (RLIN) 145266
700 ## - ADDED ENTRY--PERSONAL NAME
Personal name চৌধুরী, দিনেন্দ্র, সম্পাদক
942 ## - ADDED ENTRY ELEMENTS (KOHA)
Source of classification or shelving scheme Dewey Decimal Classification
Koha item type Books
Holdings
Lost status Source of classification or shelving scheme Damaged status Not for loan Collection code Permanent Location Current Location Shelving location Date acquired Source of acquisition Cost, normal purchase price Total Checkouts Full call number Date last seen Copy number Koha item type Date checked out
  Dewey Decimal Classification     Non-fiction Central Library, University of Rajshahi Central Library, University of Rajshahi   14/07/2008 Paragon Enterprise Lit., Dhaka 100.00   B 781.62 PUR 1997 10/08/2016 C-2 Books  
  Dewey Decimal Classification     Non-fiction Central Library, University of Rajshahi Central Library, University of Rajshahi   14/07/2008 Paragon Enterprise Lit., Dhaka 100.00   B 781.62 PUR 1997 10/08/2016 C-3 Books  
  Dewey Decimal Classification     Non-fiction Central Library, University of Rajshahi Central Library, University of Rajshahi   14/07/2008 Paragon Enterprise Lit., Dhaka 100.00   B 781.62 PUR 1997 10/08/2016 C-4 Books  
  Dewey Decimal Classification     Non-fiction Central Library, University of Rajshahi Central Library, University of Rajshahi   14/07/2008 Paragon Enterprise Lit., Dhaka 100.00 1 B 781.62 PUR 1997 31/07/2023 C-5 Books 25/07/2023